000 01021cam a22002771 4500
001 35471
003 BD-RjUL
005 20211209052328.0
008 140525r19671950nyua b 001 0 eng
035 _a(BD-RjUL)35565
040 _aDLC
_cODaWU
_dOCoLC
_dDLC
_bBD-RjUL
082 _a330.182
_bSTA 1967
100 1 _aKoopmans, Tjalling C.
_q(Tjalling Charles),
_d1910-1985,
_98640
245 1 0 _aStatistical inference in dynamic economic models /
_cby Cowles Commission research staff members and guests. Introd. by Jacob Marschak.
260 _aNew York :
_bWiley ;
_c1967
300 _axiv, 438 p. :
_billus. ;
_c26 cm.
490 1 _aCowles Commission for Research in Economics. Monograph
_vno. 10
504 _aBibliography: p. 423-428.
650 0 _aEconomics, Mathematical.
_9107986
650 0 _aTime-series analysis.
_920577
830 0 _vno. 10.
_9107995
830 0 _aMonographs of the Cowles Commission for Research in Economics ;
_9107996
942 _2ddc
_cBK
999 _c35471
_d35471